| Tag |
First Indicator |
Second Indicator |
Subfields |
| LEADER |
00000cam a2200000 a 4500 |
| 001 |
in00002816421 |
| 005 |
20151202173127.0 |
| 008 |
120430s2013 nyu be 001 0 eng |
| 010 |
|
|
|a 2012016035
|
| 020 |
|
|
|a 9780199759255
|
| 020 |
|
|
|a 0199759251
|
| 020 |
|
|
|a 9780199972210 (vol. 1)
|
| 020 |
|
|
|a 0199972214 (vol. 1)
|
| 020 |
|
|
|a 9780199972227 (vol. 2)
|
| 020 |
|
|
|a 0199972222 (vol. 2)
|
| 035 |
|
|
|a (OCoLC)ocn792941532
|
| 040 |
|
|
|a DLC
|c DLC
|d UtOrBLW
|
| 043 |
|
|
|a n-us---
|
| 049 |
|
|
|a TXAM
|
| 050 |
0 |
0 |
|a E181
|b .O95 2013
|
| 082 |
0 |
0 |
|a 355.00973
|2 23
|
| 245 |
0 |
4 |
|a The Oxford encyclopedia of American military and diplomatic history /
|c Timothy J. Lynch, editor in chief.
|
| 246 |
3 |
0 |
|a Encyclopedia of American military and diplomatic history
|
| 264 |
|
1 |
|a New York :
|b Oxford University Press,
|c [2013]
|
| 264 |
|
4 |
|c ©2013
|
| 300 |
|
|
|a 2 volumes ;
|c 26 cm.
|
| 336 |
|
|
|a text
|b txt
|2 rdacontent
|
| 337 |
|
|
|a unmediated
|b n
|2 rdamedia
|
| 338 |
|
|
|a volume
|b nc
|2 rdacarrier
|
| 504 |
|
|
|a Includes bibliographical references and index.
|
| 505 |
0 |
|
|a v. 1. Ache-Monr -- v. 2. Moor-Yugo.
|
| 651 |
|
0 |
|a United States
|x History, Military
|v Encyclopedias.
|
| 651 |
|
0 |
|a United States
|x Foreign relations
|v Encyclopedias.
|
| 700 |
1 |
|
|a Lynch, Timothy J.,
|d 1969-
|
| 945 |
|
|
|a PromptCat
|
| 946 |
|
|
|a stk
|
| 947 |
|
|
|a A14835941911
|
| 947 |
|
|
|a A14835941929
|
| 948 |
|
|
|a cataloged
|b h
|c 2013/2/12
|d c
|e dmitchel
|f 4:00:00 pm
|
| 994 |
|
|
|a 92
|b TXA
|
| 999 |
|
|
|a MARS
|
| 999 |
f |
f |
|s 878615fe-2ca0-3c7f-9d23-9760422f5587
|i 01c8d021-4e82-36b8-ae46-c6a3c3a6c9e1
|t 0
|
| 952 |
f |
f |
|p normal
|a Texas A&M University
|b College Station
|c Sterling C. Evans Library
|d Evans: Library Stacks
|t 0
|e E181 .O95 2013
|h Library of Congress classification
|i unmediated -- volume
|k v.1
|m A14835941911
|
| 952 |
f |
f |
|p normal
|a Texas A&M University
|b College Station
|c Sterling C. Evans Library
|d Evans: Library Stacks
|t 0
|e E181 .O95 2013
|h Library of Congress classification
|i unmediated -- volume
|k v.2
|m A14835941929
|
| 998 |
f |
f |
|a E181 .O95 2013
|s v.1-2
|t 0
|l Evans: Library Stacks
|